Mitos y realidades de la democracia en Costa Rica /
Shranjeno v:
| Glavni avtor: | |
|---|---|
| Drugi avtorji: | , , , , , , , , , , , |
| Format: | Texto |
| Izdano: |
San José:
CEPAS. DEI
|
| Oznake: |
Označite
Brez oznak, prvi označite!
|
MARC
| LEADER | 00000 a a2200000 04500 | ||
|---|---|---|---|
| 001 | 23284 | ||
| 003 | |||
| 040 | |a CRAI/IIS |c CRAI/IIS | ||
| 020 | |a 9977-83-032-0 | ||
| 022 | |a 9977-83-032-0 | ||
| 090 | |a 161100 | ||
| 100 | |a Calvo, Yadira | ||
| 245 | |a Mitos y realidades de la democracia en Costa Rica / |c Yadira Calvo | ||
| 260 | |a San José: |b CEPAS. DEI | ||
| 300 | |a 126 p | ||
| 700 | |a Chacón, Javier | ||
| 700 | |a Formoso, Manuel | ||
| 700 | |a Gutiérrez, Miguel Angel | ||
| 700 | |a Hernández, Manuel | ||
| 700 | |a Menjívar Larín, Rafael | ||
| 700 | |a Muñoz, Hugo Alfonso | ||
| 700 | |a Rojas, Manuel | ||
| 700 | |a Sarti, Carlos A. | ||
| 700 | |a Sojo, Carlos | ||
| 700 | |a Trejos, María Eugenia | ||
| 700 | |a Vargas, Guido | ||
| 700 | |a Weisleder Weisleder, Saúl | ||
| 999 | |c 1686 |d 1686 | ||



